[Event "Tournoi n27349"]
[Site "www.echecsemail.com"]
[Date "2026.02.07"]
[Round "1"]
[White "Philou"]
[Black "Nicadria22"]
[WhiteElo "1910"]
[BlackElo "1890"]
[Result "1/2-1/2"]
1.d4 Ng8f6
2.Ng1f3 e6
3.Bc1f4 d5
4.e3 c5
5.c3 Bf8d6
6.Bf1b5 Nb8c6
7.Nf3e5 Qd8c7
8.Nb1d2 Nf6d7
9.Nd2f3 O-O
10.Bf4g3 Nd7xe5
11.dxe5 Nc6xe5
12.Bb5e2 f6
13.O-O b6
14.Ra1c1 Bc8b7
15.c4 Ne5xf3
16.Be2xf3 Bd6xg3
17.hxg3 Ra8d8
18.b3 dxc4
19.Qd1e2 cxb3
20.axb3 Qc7e7
21.Rf1d1 Rd8d7
22.Qe2c4 Rd7xd1
23.Rc1xd1 Kf7
24.e4 Rf8d8
25.Rd1e1 Rd8d4
26.Qc4c2 e5
27.Qc2a2 Bb7c6
28.Qa2c2 Qe7d7
29.g4 Bc6b5
30.Bf3e2 Bb5xe2
31.Qc2xe2 b5
32.g5 a6
33.Qe2h5 Kg8
34.gxf6 gxf6
35.Re1e3 Rd4d3
36.Re3xd3 Qd7xd3
37.Qh5e8 Kg7
38.Qe8e7 Kg6
39.Qe7e8 Kg5
{ nul }1/2-1/2

[Event "Michael Tal 30"]
[Site "www.echecsemail.com"]
[Date "2026.02.07"]
[Round "1"]
[White "Karkaskat"]
[Black "Connecticcut"]
[WhiteElo "2060"]
[BlackElo "1900"]
[Result "1-0"]
1.e4 e5
2.Ng1f3 Qd8f6
3.c3 Bf8c5
4.d4 exd4
5.cxd4 Bc5b6
6.Nb1c3 Ng8e7
7.Bf1c4 O-O
8.Bc1g5 Qf6d6
9.O-O Ne7g6
10.Qd1d2 h6
11.Bg5e3 Nb8c6
12.a3 a5
13.Rf1e1 Nc6e7
14.Ra1d1 c6
15.Nc3a4 Qd6c7
16.h4 d5
17.Bc4d3 Bc8g4
18.Rd1c1 Bg4xf3
19.gxf3 Ng6xh4
20.Bd3e2 f5
21.e5 Ne7g6
22.f4 Bb6a7
23.Na4c5 Ba7xc5
24.dxc5 Qc7e7
25.f3 Qe7f7
26.Kf2 a4
27.Re1h1 Qf7e7
28.Rc1g1 Rf8f7
29.Ke1 Ra8d8
30.Be3f2 d4
31.Bf2xh4 Ng6xh4
32.Rg1g3 Kh7
33.Be2c4 Rf7f8
34.Bc4d3 Rf8f6
35.Rh1xh4 Rf6g6
36.Rg3h3 Rg6g1
37.Kf2 g5
38.Rh4xh6 { abandon }1-0

[Event "Jean 8"]
[Site "www.echecsemail.com"]
[Date "2026.02.07"]
[Round "1"]
[White "Patau"]
[Black "Intrigue"]
[WhiteElo "1670"]
[BlackElo "1720"]
[Result "0-1"]
1.e4 c6
2.d4 d5
3.e5 Bc8f5
4.Bf1d3 Bf5g6
5.Ng1f3 e6
6.O-O c5
7.c3 Nb8c6
8.Bc1g5 Qd8b6
9.Qd1b3 Qb6xb3
10.axb3 Bg6xd3
11.Rf1e1 Bd3xb1
12.Re1xb1 h6
13.Bg5e3 cxd4
14.cxd4 Ng8e7
15.Rb1c1 Ne7c8
16.Be3d2 Bf8e7
17.Bd2a5 O-O
18.Ba5c7 Be7d8
19.Bc7xd8 Rf8xd8
20.Rc1c3 Nc8b6
21.h4 a6
22.h5 Ra8c8
23.Ra1c1 Nc6b4
24.Rc3xc8 Rd8xc8
25.Rc1xc8 Nb6xc8
26.Nf3d2 b5
27.Kf1 Nb4d3
28.b4 Nd3xb4
29.Nd2b3 Nc8b6
30.Nb3c5 a5
{ abandon }0-1

[Event "Défi( 10J+24H/c 10J Max )"]
[Site "www.echecsemail.com"]
[Date "2026.02.07"]
[Round "1"]
[White "Ephixe"]
[Black "Pourquoipas"]
[WhiteElo "1810"]
[BlackElo "1650"]
[Result "1-0"]
1.e4 e5
2.Ng1f3 Ng8f6
3.Nf3xe5 Nb8c6
4.Ne5xc6 dxc6
5.Nb1c3 Bf8c5
6.Bf1e2 h5
7.h3 Qd8d4
8.Rh1f1 Nf6xe4
9.Nc3xe4 Qd4xe4
10.d3 Qe4xg2
11.Be2xh5 Bc8xh3
12.Bh5e2 O-O-O
13.a3 Bc5b6
14.b4 c5
15.c4 cxb4
16.axb4 Qg2h2
17.c5 Bh3xf1
18.Be2xf1 Qh2e5
19.Bc1e3 Qe5c3
20.Ke2 Rd8xd3
21.Qd1xd3 Qc3xa1
22.cxb6 Rh8h1
23.Qd3f5 Kd8
24.bxc7 Ke7
25.Be3c5 Ke8
26.c8Q 1-0

[Event "Défi( 10J+24H/c 10J Max )"]
[Site "www.echecsemail.com"]
[Date "2026.02.07"]
[Round "1"]
[White "Tunnellavage"]
[Black "Blackbishop"]
[WhiteElo "1740"]
[BlackElo "1820"]
[Result "0-1"]
1.e4 e5
2.Ng1f3 Nb8c6
3.g3 Ng8f6
4.Nb1c3 Bf8b4
5.d3 d6
6.Bf1g2 O-O
7.O-O Bc8g4
8.h3 Bg4d7
9.Bc1g5 Bd7e6
10.Nc3e2 d5
11.c3 Bb4e7
12.Qd1c2 dxe4
13.dxe4 Qd8d7
14.Kh2 a6
15.Ra1d1 Qd7c8
16.g4 Nf6d7
17.Ne2g3 Nd7c5
18.Ng3f5 Be7xg5
19.Nf3xg5 Be6xa2
20.Qc2d2 Rf8d8
21.Qd2e3 Nc5e6
22.Ng5f3 b5
23.h4 Ba2c4
24.Rf1e1 a5
25.Nf3xe5 Nc6xe5
26.Nf5e7 Kh8
27.Qe3f4 Ne6xf4
{ abandon }0-1

[Event "Défi( 10J+24H/c 10J Max )"]
[Site "www.echecsemail.com"]
[Date "2026.02.07"]
[Round "1"]
[White "Wenoketo"]
[Black "Tunnellavage"]
[WhiteElo "1710"]
[BlackElo "1710"]
[Result "0-1"]
1.d4 Ng8f6
2.Ng1f3 d5
3.Bc1f4 Bc8f5
4.h3 h6
5.e3 a6
6.Bf1e2 e6
7.O-O Bf8d6
8.Bf4xd6 cxd6
9.Nb1d2 O-O
10.a3 Nb8d7
11.Ra1c1 Ra8c8
12.c3 b5
13.Nd2b3 Nd7b6
14.Be2d3 Nb6c4
15.Bd3xc4 bxc4
16.Nb3d2 Bf5d3
17.Rf1e1 Rc8b8
18.Nd2f1 Rb8xb2
19.Qd1a4 Qd8b6
20.Nf1d2 Nf6e4
21.Nd2xe4 dxe4
22.Nf3h2 Qb6d8
23.Qa4xa6 Qd8f6
24.f3 Qf6h4
25.Nh2g4 h5
{ abandon }0-1

[Event "Eq:Avalon-Royal Kids :"]
[Site "www.echecsemail.com"]
[Date "2026.02.07"]
[Round "1"]
[White "Tartu"]
[Black "Neddy"]
[WhiteElo "1730"]
[BlackElo "1410"]
[Result "1-0"]
1.e4 e5
2.Ng1f3 Nb8c6
3.Bf1c4 f6
4.Nb1c3 Ng8e7
5.O-O Nc6a5
6.Bc4e2 Ne7c6
7.d3 a6
8.Bc1d2 h6
9.h3 g5
10.a3 b6
11.b4 Nc6xb4
12.axb4 Na5c6
13.b5 Nc6b4
14.bxa6 Nb4xa6
15.d4 d6
16.Nc3d5 Bc8b7
17.dxe5 dxe5
18.Nd5c3 Qd8d7
19.Be2b5 c6
20.Bb5d3 O-O-O
21.Bd3xa6 Bb7xa6
22.Ra1xa6 Bf8c5
23.Bd2e3 Bc5xe3
24.Qd1xd7 Rd8xd7
25.fxe3 Kb7
26.Rf1a1 Rd7d8
27.Ra6a7 Kc8
28.Ra7a8 Kd7
29.Ra8xd8 Rh8xd8
30.Ra1a7 Kd6
31.Ra7h7 Ke6
32.Rh7xh6 b5
33.Nf3xg5 Kd7
34.Rh6h7 Kc8
35.Ng5e6 b4
36.Nc3a4 Rd8d1
37.Kh2 Rd1d6
38.Na4c5 Rd6d2
39.Rh7c7 Kb8
40.Nc5a6 Ka8
41.Ne6c5 Rd2xc2
42.Rc7xc6 Rc2b2
43.Rc6xf6 b3
44.Na6b4 Rb2b1
45.Rf6a6 Kb8
46.Nb4c6 Kc7
47.Nc6xe5 b2
48.Nc5e6 Kb7
49.Ne6c5 Kc7
50.Ra6c6 Kd8
51.Kg3 Rb1c1
52.Rc6b6 b1Q
53.Rb6xb1 Rc1xb1
54.Nc5e6 Ke7
55.Ne6f4 Rb1e1
56.Kf3 Re1f1
57.Ke2 Rf1c1
58.g4 Rc1c5
59.Ne5d3 Rc5c2
60.Kf3 Rc2a2
61.g5 Kf7
62.h4 Ra2a5
63.Kg4 Ra5a4
64.e5 Ra4a6
65.h5 Kg7
66.e4 Ra6a4
67.Kf5 Ra4a6
68.Nd3c5 Ra6a7
69.h6 Kh7
70.Nc5e6 Ra7f7
71.Kg4 Rf7b7
72.Nf4d5 Rb7b5
73.Kf5 { abandon }1-0

[Event "Défi"]
[Site "www.echecsemail.com"]
[Date "2026.02.07"]
[Round "1"]
[White "Snarf"]
[Black "Tiounet"]
[WhiteElo "1760"]
[BlackElo "1580"]
[Result "0-1"]
1.e4 a6
2.a3 b5
3.d3 Bc8b7
4.Nb1d2 g6
5.Ng1f3 Bf8g7
6.c3 Ng8f6
7.Bf1e2 O-O
8.Qd1c2 c5
9.O-O Nb8c6
10.Rf1e1 d6
11.b4 cxb4
12.axb4 Ra8c8
13.Bc1b2 Nf6d7
14.Qc2d1 Nc6xb4
15.cxb4 Bg7xb2
16.Ra1b1 Bb2c3
17.Rb1b3 Bc3g7
18.h3 Nd7b6
19.Qd1b1 Nb6a4
20.Nf3h2 Na4c3
21.Rb3xc3 Bg7xc3
22.Nh2f3 Qd8b6
23.Qb1b3 e6
24.Re1d1 d5
25.Nf3g5 d4
26.Nd2b1 Qb6d6
27.Ng5f3 Qd6xb4
28.Qb3xb4 Bc3xb4
29.Nf3xd4 Rf8d8
30.Nd4f3 Rc8c2
31.Kf1 Rd8c8
32.Nf3e5 Rc2a2
33.Ne5f3 Rc8c2
34.Nf3g1 Bb4d6
35.Ke1 Bd6b4
36.Kf1 Bb4d6
37.Ke1 Bd6h2
38.Kf1 Bh2xg1
39.Kxg1 Rc2xe2
40.Nb1c3 Re2xf2
41.Nc3xa2 Rf2xa2
42.Kf1 b4
43.Rd1b1 a5
44.Rb1c1 b3
45.e5 b2
46.Rc1b1 Ra2a1
{ abandon }0-1

[Event "Coupe Niveau 2"]
[Site "www.echecsemail.com"]
[Date "2026.02.07"]
[Round "1"]
[White "Intrigue"]
[Black "Panchoa"]
[WhiteElo "1770"]
[BlackElo "1640"]
[Result "1/2-1/2"]
1.e4 e5
2.Ng1f3 Nb8c6
3.Nb1c3 Bf8b4
4.Nc3d5 Ng8e7
5.Nd5xb4 Nc6xb4
6.a3 Nb4c6
7.Bf1c4 O-O
8.O-O d6
9.c3 a6
10.d4 Bc8g4
11.h3 Bg4h5
12.Bc4e2 exd4
13.cxd4 d5
14.exd5 Ne7xd5
15.b4 Qd8e8
16.Rf1e1 Qe8d7
17.Bc1b2 Ra8e8
18.Qd1d3 Nd5f4
19.Qd3d2 Nf4xh3
20.gxh3 Qd7xh3
21.Nf3h2 Bh5xe2
22.Re1xe2 Re8e6
23.Re2xe6 fxe6
24.Qd2g5 Rf8f5
25.Qg5e3 Qh3xe3
26.fxe3 Nc6e7
27.Ra1f1 Rf5g5
28.Kh1 Ne7f5
29.Rf1xf5 { nul }1/2-1/2

[Event "Tournoi n27404"]
[Site "www.echecsemail.com"]
[Date "2026.02.07"]
[Round "1"]
[White "Panchoa"]
[Black "Abelito"]
[WhiteElo "1630"]
[BlackElo "1520"]
[Result "1-0"]
1.e4 e5
2.Ng1f3 Nb8c6
3.Bf1b5 Bf8c5
4.Bb5xc6 dxc6
5.O-O b5
6.Nf3xe5 Bc8b7
7.Qd1f3 Ng8f6
8.d3 Bc5d4
9.Qf3f5 Bb7c8
10.Qf5f3 Bd4xe5
11.Bc1g5 O-O
12.c3 Bc8g4
13.Bg5xf6 Be5xf6
14.Qf3xg4 Qd8xd3
15.Rf1d1 Qd3c4
16.b3 Qc4c5
17.b4 Qc5c4
18.Nb1d2 Qc4e6
19.Qg4g3 Bf6e5
20.Qg3e3 a5
21.Nd2b3 axb4
22.Nb3c5 Qe6e7
23.Nc5d3 Be5xc3
24.Ra1c1 Bc3f6
25.Rc1xc6 b3
26.axb3 Ra8d8
27.g3 Bf6d4
28.Qe3e2 Rf8e8
29.Rd1e1 Qe7d7
30.Rc6c1 Bd4b6
31.Re1d1 Qd7e7
32.Rd1e1 c5
33.Kf1 Rd8c8
34.Nd3f4 Bb6a5
35.Re1d1 b4
36.f3 Ba5b6
37.Nf4d5 Qe7b7
38.Qe2b5 Rc8c6
39.Nd5e7 Re8xe7
40.Rc1xc5 Rc6c8
41.Rc5xc8 Qb7xc8
42.Qb5xb6 Qc8f8
43.Qb6xb4 Re7e8
44.Qb4xf8 Kxf8
45.b4 g6
46.b5 { abandon }1-0

[Event "Défi( 10J+24H/c 10J Max )"]
[Site "www.echecsemail.com"]
[Date "2026.02.07"]
[Round "1"]
[White "Mindthegap"]
[Black "Jlr"]
[WhiteElo "1440"]
[BlackElo "1410"]
[Result "0-1"]
1.Ng1f3 Nb8c6
2.d4 d6
3.Bc1d2 Ng8f6
4.e3 h6
5.Bf1b5 Nf6e4
6.Bb5xc6 bxc6
7.Nb1c3 Ne4xc3
8.Bd2xc3 g5
9.d5 f6
10.Nf3d4 cxd5
11.Qd1h5 Kd7
12.Qh5g4 Ke8
13.Qg4h5 Kd7
14.Qh5g4 Ke8
15.Qg4h5 Kd7
16.Nd4f5 Kc6
17.Nf5d4 Kd7
18.O-O Bc8a6
19.Qh5g4 Ke8
20.Qg4h5 Kd7
21.Rf1e1 e5
22.Qh5g4 Ke8
23.Qg4e6 Bf8e7
24.Nd4c6 Qd8d7
25.Qe6xd7 Kxd7
26.Nc6xe7 Kxe7
27.f4 gxf4
28.exf4 d4
29.Bc3b4 c5
30.Bb4d2 Ra8g8
31.fxe5 fxe5
32.Re1e4 Ba6b7
33.Re4e2 Bb7f3
34.Re2xe5 dxe5
35.g3 Bf3e4
36.Ra1e1 Rg8g4
37.b4 c4
38.b5 c3
39.Bd2c1 Ke6
40.Bc1f4 Be4xc2
41.Re1xe5 Kd6
42.Re5e2 Kc5
43.Re2xc2 Kxb5
44.Rc2c1 Kb4
45.Rc1b1 Ka3
46.Rb1a1 Kb2
47.Ra1e1 Kxa2
48.Bf4e5 Rh8e8
49.Re1e2 Kb1
50.Re2e1 Kc2
51.Re1e2 Kd1
{ abandon }0-1

[Event "Défi( 10J+24H/c 10J Max )"]
[Site "www.echecsemail.com"]
[Date "2026.02.07"]
[Round "1"]
[White "Vvvv"]
[Black "Petain"]
[WhiteElo "1720"]
[BlackElo "1700"]
[Result "0-1"]
1.e4 e5
2.Ng1f3 d6
3.d4 exd4
4.Nf3xd4 Ng8f6
5.Nb1c3 Bf8e7
6.b3 h6
7.Bc1b2 a6
8.Nd4f3 Nb8c6
9.Bf1e2 b5
10.e5 dxe5
11.Qd1xd8 Be7xd8
12.O-O O-O
13.Ra1d1 Bc8f5
14.Rd1d2 e4
15.Nf3h4 Bf5h7
16.Nc3b1 g5
17.Bb2xf6 Bd8xf6
18.Rd2d7 gxh4
19.Be2h5 Bf6e5
20.c3 Ra8d8
21.Bh5g4 f5
22.Rd7xd8 Rf8xd8
23.Bg4e2 Nc6e7
24.c4 c6
25.cxb5 axb5
26.Rf1d1 Rd8xd1
27.Be2xd1 Kg7
28.b4 Bh7g8
29.a4 Ne7d5
30.axb5 cxb5
31.Bd1e2 Nd5xb4
32.Be2xb5 Kf6
33.Nb1d2 Kg5
34.g3 hxg3
35.fxg3 Be5d4
36.Kg2 e3
37.Nd2f3 Kf6
38.Nf3xd4 Ke5
39.Nd4e2 Ke4
40.h3 Nb4c2
41.Bb5c6 Kd3
42.Bc6b5 Kd2
43.Ne2f4 Nc2d4
44.Bb5a6 Bg8b3
45.Ba6e2 Nd4xe2
46.Nf4d5 Bb3xd5
{ abandon }0-1

[Event "Coupe Niveau 2"]
[Site "www.echecsemail.com"]
[Date "2026.02.07"]
[Round "1"]
[White "Woluwe1975"]
[Black "Panchoa"]
[WhiteElo "1650"]
[BlackElo "1630"]
[Result "1-0"]
1.e4 e5
2.Nb1c3 Nb8c6
3.Ng1f3 Bf8b4
4.Bf1c4 Ng8f6
5.Qd1e2 O-O
6.Nc3d5 Nc6d4
7.Nf3xd4 exd4
8.Nd5xb4 Nf6xe4
9.O-O Rf8e8
10.Qe2f3 Qd8f6
11.Qf3xf6 Ne4xf6
12.Bc4d3 c5
13.a3 cxb4
14.axb4 a6
15.b3 b5
16.Bd3xb5 Re8e5
17.Bb5d3 Bc8b7
18.Bc1b2 Ra8e8
19.Bb2xd4 Re5g5
20.g3 Bb7f3
21.Rf1e1 Rg5d5
22.Bd4c3 h6
23.Re1xe8 Nf6xe8
24.Ra1xa6 Ne8c7
25.Ra6a7 Nc7e6
26.Ra7a8 Ne6f8
27.Ra8e8 g6
28.h4 Bf3g4
29.b5 Rd5d6
30.Bd3c4 Bg4f5
31.Bc3b4 { abandon }1-0

[Event "CHATURANGA"]
[Site "www.echecsemail.com"]
[Date "2026.02.07"]
[Round "1"]
[White "Leredoutable"]
[Black "Mindthegap"]
[WhiteElo "1750"]
[BlackElo "1460"]
[Result "1-0"]
1.e4 e5
2.Ng1f3 Ng8f6
3.Bf1c4 Nf6xe4
4.d3 Ne4c5
5.Nf3xe5 d5
6.Ne5xf7 Qd8e7
7.Qd1e2 Qe7xe2
8.Kxe2 Kxf7
9.Rh1e1 Nb8c6
10.Bc4xd5 Bc8e6
11.Bd5xe6 Nc5xe6
12.Nb1c3 Ra8e8
13.Kf1 Nc6d4
14.Re1d1 Nd4xc2
15.Ra1b1 Bf8b4
16.Bc1d2 Re8d8
17.Rb1c1 Nc2d4
18.a3 Bb4xc3
19.bxc3 Nd4f5
20.d4 h5
21.Rc1b1 b6
22.Rb1b5 Rh8h6
23.Rb5xf5 Kg6
24.Rf5e5 Ne6g5
25.h4 Ng5f3
26.gxf3 Rh6h7
27.Ke2 c5
28.Rd1g1 { abandon }1-0

[Event "Défi( 10J+24H/c 10J Max )"]
[Site "www.echecsemail.com"]
[Date "2026.02.07"]
[Round "1"]
[White "Tunnellavage"]
[Black "Wenoketo"]
[WhiteElo "1720"]
[BlackElo "1710"]
[Result "1-0"]
1.e4 c6
2.a4 e6
3.Nb1c3 d5
4.exd5 cxd5
5.d4 Bf8d6
6.Ng1f3 Ng8f6
7.g3 Bd6b4
8.Bc1d2 Bb4xc3
9.bxc3 b6
10.Bf1g2 Bc8b7
11.O-O O-O
12.Qd1e1 Nb8c6
13.Bd2g5 h6
14.Bg5d2 Ra8c8
15.Nf3e5 Nc6xe5
16.dxe5 Nf6d7
17.Qe1e2 Rc8c7
18.Qe2g4 Kh8
19.Qg4h5 f5
20.Bd2xh6 gxh6
21.Qh5xh6 Kg8
22.Qh6g6 Kh8
23.a5 Qd8e8
24.Qg6h6 Kg8
25.Ra1a4 Nd7xe5
26.Ra4h4 Qe8g6
27.Qh6h8 Kf7
28.Qh8xe5 Rc7e7
29.axb6 axb6
30.Bg2f3 Rf8g8
31.Bf3h5 { abandon }1-0

[Event "Défi"]
[Site "www.echecsemail.com"]
[Date "2026.02.07"]
[Round "1"]
[White "Majula"]
[Black "Felicio"]
[WhiteElo "1620"]
[BlackElo "1920"]
[Result "0-1"]
1.d4 d5
2.c4 c6
3.c5 Ng8f6
4.b4 Bc8f5
5.Nb1c3 e6
6.Bc1f4 Nb8d7
7.h3 Bf8e7
8.e3 b5
9.a4 a6
10.a5 h6
11.g4 Bf5g6
12.Bf1d3 Nf6e4
13.Ng1e2 Nd7f6
14.f3 Ne4xc3
15.Ne2xc3 Bg6xd3
16.Qd1xd3 Nf6d7
17.Kd2 Nd7f8
18.e4 Be7g5
19.Bf4xg5 hxg5
20.e5 Nf8g6
21.Nc3e2 Ng6f4
22.Ne2xf4 gxf4
23.Ra1g1 g5
24.Rh1h2 Kd7
25.Kc3 Qd8f8
26.Qd3d2 Rh8h4
27.Qd2d3 Qf8g7
28.Rg1e1 Ra8h8
29.Re1h1 Rh8h6
30.Kd2 Ke7
31.Ke2 Qg7h8
32.Kd2 Rh4xh3
33.Rh2xh3 Rh6xh3
34.Rh1xh3 Qh8xh3
35.Qd3e2 Qh3h7
36.Kc1 Kf8
37.Kd2 Kg7
38.Qe2d3 Qh7h2
39.Qd3e2 Qh2g1
40.Qe2d3 Qg1f2
41.Kc3 Qf2e1
42.Qd3d2 Qe1f1
43.Qd2d3 Qf1a1
44.Kd2 Qa1b2
45.Ke1 Qb2xb4
46.Qd3d2 Qb4a3
47.Ke2 b4
48.Qd2d3 Qa3xa5
49.Kf2 Qa5a2
50.Qd3e2 b3
{ abandon }0-1

[Event "Défi"]
[Site "www.echecsemail.com"]
[Date "2026.02.08"]
[Round "1"]
[White "Tinenfant"]
[Black "Arno"]
[WhiteElo "1870"]
[BlackElo "1770"]
[Result "0-1"]
1.e4 Nb8c6
2.d4 e5
3.d5 Nc6e7
4.c4 Ne7g6
5.Nb1c3 Bf8c5
6.Ng1f3 Ng8e7
7.Bf1d3 d6
8.O-O a6
 { temps }0-1

[Event "Eq:Pirates du Mat-Les Gens du Sud :"]
[Site "www.echecsemail.com"]
[Date "2026.02.08"]
[Round "1"]
[White "Sp52"]
[Black "Silveur"]
[WhiteElo "2410"]
[BlackElo "1790"]
[Result "1-0"]
1.e4 c5
2.Ng1f3 Nb8c6
3.Bf1c4 e6
4.Nb1c3 Ng8f6
5.d3 d6
6.a3 Bf8e7
7.O-O O-O
8.Bc4a2 d5
9.exd5 exd5
10.Bc1g5 d4
11.Nc3e2 Nf6d5
12.Bg5xe7 Nd5xe7
13.c3 dxc3
14.Ne2xc3 Bc8f5
15.Nc3e4 b6
16.Rf1e1 Nc6d4
17.Nf3xd4 Qd8xd4
18.Ne4g3 Bf5g4
19.Qd1d2 Ne7g6
20.Re1e4 Qd4d7
21.Ra1e1 Bg4f5
22.Ng3xf5 Qd7xf5
23.b4 Ra8d8
24.Ba2c4 cxb4
25.Qd2xb4 Ng6f4
26.Qb4d2 Nf4g6
27.d4 Rd8d6
28.g3 Qf5d7
29.h4 a5
30.h5 Ng6h8
31.Qd2f4 Rd6f6
32.Qf4e3 b5
33.Bc4b3 a4
34.Re4e7 Qd7d8
35.Re7e8 Qd8d6
36.Re8xf8 Qd6xf8
37.Bb3a2 Rf6b6
38.d5 Rb6b8
39.Qe3d3 g6
40.d6 gxh5
41.d7 Kg7
42.Qd3d4 f6
43.Qd4a7 Kh6
44.Qa7xb8 Qf8xb8
45.Re1e8 Qb8c7
46.d8Q Qc7c1
47.Kg2 Nh8g6
48.Qd8xf6  { temps }1-0

[Event "Défi( 10J+24H/c 10J Max )"]
[Site "www.echecsemail.com"]
[Date "2026.02.08"]
[Round "1"]
[White "Cavalierfou"]
[Black "Chobi"]
[WhiteElo "1820"]
[BlackElo "1760"]
[Result "1-0"]
1.e4 e5
2.Ng1f3 d6
3.h3 Ng8f6
4.Nb1c3 Bf8e7
5.Bf1c4 O-O
6.O-O Nb8c6
7.Bc4d5 Nc6b4
8.a3 Nb4xd5
9.exd5 h6
10.d3 b6
11.Rf1e1 Bc8b7
12.d4 Nf6xd5
13.dxe5 Nd5xc3
14.bxc3 Bb7xf3
15.gxf3 Be7h4
16.Bc1f4 Bh4xf2
17.Kxf2 Qd8h4
18.Kg2 Qh4xf4
19.Re1e4 Qf4g5
20.Kf2 dxe5
21.Qd1d7 c5
22.Ra1e1 Rf8d8
23.Qd7c7 Rd8f8
24.Re4xe5  { temps }1-0

[Event "Eq:modesty-Avalon :"]
[Site "www.echecsemail.com"]
[Date "2026.02.08"]
[Round "1"]
[White "Neddy"]
[Black "Cobraxx10"]
[WhiteElo "1410"]
[BlackElo "2150"]
[Result "0-1"]
1.d4 Ng8f6
2.Nb1c3 d5
3.Ng1f3 c6
4.g3 g6
5.Bf1g2 Bf8g7
6.O-O O-O
7.Nf3e5 Nb8d7
8.Bc1f4 Nd7xe5
9.Bf4xe5 Nf6d7
10.Be5xg7 Kxg7
11.e4 dxe4
12.Bg2xe4 Nd7f6
13.Qd1d3 Nf6xe4
14.Nc3xe4 Bc8f5
15.Rf1e1 Qd8d5
16.c4 Bf5xe4
17.Qd3xe4 Qd5xe4
18.Re1xe4 e6
19.Ra1d1 Rf8d8
20.c5 Rd8d5
21.Rd1e1 Ra8d8
22.b4 Rd5xd4
23.Re4xd4 Rd8xd4
24.a3 Rd4d3
25.Re1a1 Rd3b3
26.Kg2 Kf6
27.Ra1a2 Ke5
28.Ra2d2 a5
29.bxa5 Rb3xa3
30.Rd2d7 Kf6
31.Rd7xb7 Ra3xa5
32.Rb7c7 Ra5xc5
33.h4 h5
34.Kh3 Rc5c2
35.f4 c5
36.g4 Rc2c3
37.Kg2 hxg4
38.Rc7c6 Kf5
39.Rc6c7 f6
40.Rc7g7 c4
41.h5 gxh5
42.Rg7h7 Kxf4
43.Rh7xh5 f5
44.Rh5h6 e5
45.Rh6c6 Rc3c2
46.Kg1 e4
47.Kf1 Kf3
48.Rc6f6 Rc2c1
0-1

[Event "Eq:Les enfants de l Atlantide-O fou d hello :"]
[Site "www.echecsemail.com"]
[Date "2026.02.08"]
[Round "1"]
[White "Fauconnier"]
[Black "Sanvic76"]
[WhiteElo "2380"]
[BlackElo "1870"]
[Result "1-0"]
1.d4 c6
2.e4 d5
3.e5 Bc8f5
4.Bf1d3 Qd8d7
5.Ng1f3 e6
6.Bd3xf5 exf5
7.O-O Ng8e7
8.Rf1e1 h6
9.e6 fxe6
10.Nf3e5 Qd7d6
11.Bc1f4 Qd6b4
12.c3 Qb4a5
13.Qd1h5 g6
14.Ne5xg6 Ne7xg6
15.Qh5xg6 Kd8
16.Qg6f6 { abandon }1-0

[Event "Défi( 10J+24H/c 10J Max )"]
[Site "www.echecsemail.com"]
[Date "2026.02.08"]
[Round "1"]
[White "Ephixe"]
[Black "Tunnellavage"]
[WhiteElo "1830"]
[BlackElo "1730"]
[Result "1-0"]
1.d4 Ng8f6
2.c4 e6
3.Nb1c3 c6
4.Bc1g5 Bf8e7
5.e4 d6
6.Ng1f3 h6
7.Bg5h4 Nb8d7
8.Bf1e2 a6
9.O-O b5
10.b3 Bc8b7
11.d5 e5
12.cxb5 cxb5
13.Qd1d3 O-O
14.h3 Ra8c8
15.Ra1c1 Nd7c5
16.Qd3e3 Kh7
17.Bh4g3 b4
18.Nc3b1 g6
19.Nb1d2 Nf6h5
20.Bg3h2 f5
21.exf5 gxf5
22.Nf3xe5 Be7g5
23.Qe3d4 dxe5
24.Bh2xe5 Bg5xd2
25.Qd4xd2 Nc5e4
26.Qd2xb4 Qd8xd5
27.Be2xh5 { abandon }1-0

[Event "BERNARD MAS"]
[Site "www.echecsemail.com"]
[Date "2026.02.08"]
[Round "1"]
[White "Petitlulu64"]
[Black "Woluwe1975"]
[WhiteElo "1710"]
[BlackElo "1660"]
[Result "0-1"]
1.d4 Ng8f6
2.Ng1f3 c5
3.e3 d5
4.Bf1e2 e6
5.O-O cxd4
6.Nf3xd4 Bc8d7
7.Nb1c3 a6
8.Be2f3 Bf8d6
9.Rf1e1 O-O
10.Nd4b3 b6
11.e4 e5
12.exd5 h6
13.Nc3e4 Nf6xe4
14.Bf3xe4 f5
15.Be4f3 g5
16.Bf3e2 g4
17.Bc1xh6 Rf8f7
18.Bh6e3 f4
19.Be3d2 f3
20.Be2d3 Qd8h4
21.Re1e4 Rf7g7
22.gxf3 gxf3
23.Kf1 Qh4h3
24.Ke1 Rg7g1
25.Bd3f1 Qh3xf1
0-1

[Event "Défi"]
[Site "www.echecsemail.com"]
[Date "2026.02.08"]
[Round "1"]
[White "Caraca2"]
[Black "Intrigue"]
[WhiteElo "1800"]
[BlackElo "1730"]
[Result "1-0"]
1.e4 c5
2.c3 Nb8c6
3.Ng1f3 d6
4.Bf1b5 e5
5.Bb5xc6 bxc6
6.O-O Ng8f6
7.d4 Bc8g4
8.h3 Bg4h5
9.Bc1g5 Bf8e7
10.Bg5xf6 Be7xf6
11.Qd1d3 cxd4
12.cxd4 O-O
13.d5 cxd5
14.Qd3xd5 Bh5xf3
15.gxf3 Qd8d7
16.Nb1c3 Rf8c8
17.Kh2 Rc8c5
18.Qd5xa8 Rc5c8
19.Qa8d5 Bf6g5
20.Nc3e2 g6
21.Rf1g1 Bg5h6
22.Rg1g4 Rc8c5
23.Qd5b3 Kg7
24.Ne2g3 Bh6f4
25.Kh1 Qd7c7
26.Ng3h5 Kf8
27.Nh5xf4 exf4
28.Rg4xf4 Rc5c1
29.Ra1xc1 Qc7xc1
30.Kg2 Qc1xf4
31.Qb3b8 Kg7
32.Qb8xa7 Qf4g5
33.Kh1 Qg5f4
34.Qa7e3 Qf4h4
35.Kh2 Qh4f6
36.Qe3c3 h5
37.Qc3xf6 Kxf6
38.a4 { abandon }1-0

[Event "Défi( 10J+24H/c 10J Max )"]
[Site "www.echecsemail.com"]
[Date "2026.02.08"]
[Round "1"]
[White "Mick"]
[Black "Pandiculaire"]
[WhiteElo "1940"]
[BlackElo "1810"]
[Result "0-1"]
1.Ng1f3 Ng8f6
2.d3 d5
3.Bc1e3 Nb8c6
4.Nf3d4 Bc8d7
5.Nb1c3 e5
6.Nd4xc6 Bd7xc6
7.d4 e4
8.Be3f4 Bf8d6
9.Bf4xd6 Qd8xd6
10.e3 O-O
11.Bf1b5 Bc6xb5
12.Nc3xb5 Qd6b4
13.Nb5c3 Qb4xb2
14.Nc3e2 b6
15.O-O Nf6e8
16.Qd1d2 Qb2a3
17.Rf1b1 Ne8d6
18.Rb1b3 Qa3a6
19.Ne2c3 Nd6c4
20.Qd2e2 c6
21.Rb3b4 Qa6a3
22.Rb4b3 Qa3d6
23.Ra1d1 f5
24.f4 exf3
25.Qe2xf3 Ra8e8
26.Rd1d3 Rf8f6
27.Nc3d1 g5
28.h3 Kh8
29.g4 fxg4
30.Qf3xg4 h6
31.Qg4g2 Re8f8
32.Rb3c3 b5
33.Nd1f2 Rf6xf2
34.Qg2xf2 Rf8xf2
35.Kxf2 b4
36.Rc3b3 a5
37.Kg2 Qd6g6
38.Rb3b1 Nc4xe3
{ abandon }0-1

[Event "Tournoi n27343"]
[Site "www.echecsemail.com"]
[Date "2026.02.08"]
[Round "1"]
[White "Janolapin"]
[Black "Patau"]
[WhiteElo "1700"]
[BlackElo "1670"]
[Result "1-0"]
1.d4 f5
2.e3 g6
3.Bf1c4 Bf8g7
4.Bc4xg8 Rh8xg8
5.Ng1e2 e5
6.dxe5 Bg7xe5
7.Nb1c3 d5
8.Qd1xd5 Qd8xd5
9.Nc3xd5 Nb8c6
10.f4 Be5d6
11.Nd5f6 Kf7
12.Nf6xg8 Kxg8
13.a3 Bc8e6
14.Ne2d4 Nc6xd4
15.exd4 Ra8e8
16.O-O Be6d5
17.Kf2 Re8e4
18.Bc1e3 Bd6xf4
19.Ra1e1 Bd5c4
20.Rf1h1 Bf4xe3
21.Re1xe3 Re4xe3
22.Kxe3 Bc4d5
23.Rh1g1 Bd5e4
24.c4 Kf7
25.g3 Ke6
26.g4 c5
27.dxc5 b6
28.cxb6 { abandon }1-0

[Event "Défi"]
[Site "www.echecsemail.com"]
[Date "2026.02.08"]
[Round "1"]
[White "Sierra117"]
[Black "Magyar"]
[WhiteElo "1680"]
[BlackElo "1660"]
[Result "0-1"]
1.e4 e5
2.Ng1f3 Nb8c6
3.Bf1c4 h6
4.c3 Bf8e7
5.d4 exd4
6.cxd4 d6
7.O-O Bc8g4
8.Nb1d2 Nc6xd4
9.Bc4e2 Nd4c6
10.h3 Bg4e6
11.Be2b5 Be6d7
12.Rf1e1 Ng8f6
13.b3 O-O
14.Bc1b2 a6
15.Bb5xc6 Bd7xc6
16.Bb2xf6 Be7xf6
17.Ra1c1 Bc6d7
18.Nd2f1 Ra8c8
19.Nf1g3 c6
20.Qd1d2 Bd7e6
21.e5 dxe5
22.Nf3xe5 Qd8xd2
{ abandon }0-1

[Event "Tournoi n27423"]
[Site "www.echecsemail.com"]
[Date "2026.02.08"]
[Round "1"]
[White "Blackrider"]
[Black "Tartu"]
[WhiteElo "1730"]
[BlackElo "1730"]
[Result "1/2-1/2"]
1.e4 d5
2.e5 e6
3.d4 c5
4.c3 Nb8c6
5.Bc1e3 cxd4
6.Be3xd4 Nc6xd4
7.cxd4 Bf8b4
8.Nb1d2 Bc8d7
9.a3 Bb4e7
10.g3 Ng8h6
11.h3 O-O
12.Bf1g2 Ra8c8
13.Ng1f3 Bd7b5
14.Nd2b3 b6
15.a4 Bb5c4
16.Nb3d2 Nh6f5
17.Nd2xc4 Rc8xc4
18.O-O Qd8c7
19.b3 Rc4c2
20.Ra1b1 Rf8c8
21.Nf3e1 Rc2c1
22.Rb1xc1 Qc7xc1
23.Qd1xc1 Rc8xc1
24.Ne1f3 Rc1xf1
25.Kxf1 h6
26.Ke2 g5
27.g4 Nf5g7
28.Kd3 f5
29.Nf3h2 f4
30.f3 Kf7
31.Nh2f1 h5
32.Nf1d2 hxg4
33.hxg4 Ng7e8
34.Kc3 Ne8c7
35.b4 a6
36.Bg2f1 a5
37.bxa5 bxa5
38.Kb3 Be7b4
39.Nd2b1 Nc7a8
40.Bf1b5 Na8b6
41.Nb1a3 Nb6c8
{ nul }1/2-1/2

[Event "0402"]
[Site "www.echecsemail.com"]
[Date "2026.02.08"]
[Round "1"]
[White "Turbo"]
[Black "Katastrofic"]
[WhiteElo "1370"]
[BlackElo "1470"]
[Result "1-0"]
1.e4 c5
2.c4 e6
3.Ng1f3 Bf8e7
4.d3 d6
5.h3 Ng8f6
6.a3 O-O
7.Bf1e2 d5
8.e5 Nf6d7
9.cxd5 exd5
10.O-O d4
11.b4 Nb8c6
12.Bc1b2 Nc6xe5
13.bxc5 Ne5xf3
14.Be2xf3 Be7xc5
15.Nb1d2 Ra8b8
16.Qd1a4 a6
17.Qa4d1 Nd7e5
18.Ra1c1 Ne5xf3
19.Nd2xf3 Rf8e8
20.Rc1xc5 b6
21.Rc5h5 g6
22.Rh5h6 Kg7
23.Qd1d2 b5
24.Nf3g5 Re8h8
25.Ng5f3 f6
26.Bb2xd4 Qd8e7
27.Rf1e1 Qe7f7
28.Bd4c5 Bc8e6
29.Bc5d6 Rb8d8
30.Bd6f4 Be6f5
31.Nf3h4 Rd8xd3
32.Nh4xf5 gxf5
33.Qd2xd3 Rh8e8
34.Qd3g3 Kh8
35.Re1xe8 Qf7xe8
36.Rh6xf6 { abandon }1-0

[Event "Jean 8"]
[Site "www.echecsemail.com"]
[Date "2026.02.08"]
[Round "1"]
[White "Patau"]
[Black "Turbo"]
[WhiteElo "1670"]
[BlackElo "1390"]
[Result "1-0"]
1.e4 e5
2.Ng1f3 Nb8c6
3.Nb1c3 a6
4.d4 exd4
5.Nf3xd4 Bf8c5
6.Bc1e3 Nc6xd4
7.Be3xd4 Bc5xd4
8.Qd1xd4 f6
9.O-O-O d6
10.Bf1c4 Ng8e7
11.Nc3d5 b5
12.Bc4d3 O-O
13.h4 c6
14.Nd5f4 c5
15.Qd4e3 c4
16.Bd3e2 h6
17.h5 Kf7
18.Nf4d5 Bc8e6
19.Qe3g3 Kg8
20.Be2g4 Be6xg4
21.Qg3xg4 Ne7xd5
22.Rd1xd5 Qd8b6
23.Qg4e6 Kh8
24.f3 Qb6e3
25.Kb1 Ra8b8
26.Qe6xd6 a5
27.Rd5xb5 Rb8d8
28.Qd6c5 Qe3f4
29.Qc5xc4 Qf4g3
30.Qc4e2 Rd8d4
31.Rb5d5 Rd4xd5
32.exd5 Qg3d6
33.Rh1d1 a4
34.Qe2e6 Qd6b4
35.d6 a3
36.Qe6b3 Qb4xb3
37.cxb3 axb2
38.d7 Rf8d8
39.Kxb2 Kg8
40.Kc3 Kf8
41.Kc4 Ke7
42.Kc5 Rd8xd7
43.Rd1xd7 Kxd7
44.a4 Ke7
45.Kc6 Kf7
46.a5 { abandon }1-0